| 000 | 00771pam a2200253 a 4500 | ||
|---|---|---|---|
| 008 | |||
| 020 | _a0582053765 (pbk.) | ||
| 049 | _aMAIN | ||
| 090 |
_aTJ265 _bROG |
||
| 100 | 1 | _aRogers, G. F. C. | |
| 245 | 1 | 0 |
_aEngineering thermodynamics : _bwork and heat transfer / _cG.F.C. Rogers, Y.R. Mayhew. |
| 250 | _a3rd ed. | ||
| 260 |
_aHarlow, Essex, England : _bLongman Scientific & Technical, _c1980. |
||
| 300 |
_axvi, 667 p. : _bill. ; _c24 cm. |
||
| 504 | _aIncludes bibliographical references . | ||
| 500 | _aIncludes index. | ||
| 650 | 0 | _aThermodynamics. | |
| 700 | 1 | _aMayhew, Y. R. | |
| 907 |
_a.b10001980 _b15-12-11 _c17-04-03 |
||
| 003 | |||
| 005 | 20230123134133.0 | ||
| 040 | _cNUST | ||
| 942 |
_cBOOKS _kTJ265 _mROG |
||
| 999 |
_c160702 _d160702 |
||